Women and health psychology : mental health issues /

Bibliographic Details
Main Author: Travis, Cheryl Brown, 1944-
Format: Book
Language:English
Published: Hillsdale, N.J. : L. Erlbaum Associates, 1988.
Subjects:

MARC

Tag First Indicator Second Indicator Subfields
LEADER 00000cam a2200000 a 4500
001 in00000885021
005 20151019141424.0
008 880222s1988 njua b 00110 eng c
010 |a  88003878  
020 |a 0805802533 
035 |a (OCoLC)17545868 
035 |9 AEK5114AM 
040 |a DNLM/DLC  |c DLC  |d TXA  |d UtOrBLW 
049 |a TXAM  |c [A12509148] 
050 0 0 |a RC451.4.W6  |b T73 1988 
060 0 |a WA 305 T782w 
082 0 |a 155.6/33  |2 19 
100 1 |a Travis, Cheryl Brown,  |d 1944- 
245 1 0 |a Women and health psychology :  |b mental health issues /  |c Cheryl Brown Travis. 
264 1 |a Hillsdale, N.J. :  |b L. Erlbaum Associates,  |c 1988. 
300 |a xv, 274 pages :  |b illustrations ;  |c 24 cm. 
336 |a text  |b txt  |2 rdacontent 
337 |a unmediated  |b n  |2 rdamedia 
338 |a volume  |b nc  |2 rdacarrier 
504 |a Bibliography: pages 219-258. 
500 |a Includes indexes. 
650 0 |a Women  |x Mental health. 
650 0 |a Clinical health psychology. 
650 2 |a Mental Health. 
650 2 |a Women  |x psychology. 
999 |a MARS 
999 f f |s 7dec9d4c-6bf4-3c18-acde-9146d1f52b41  |i 39bbfa45-dcef-3ca3-a33e-332908b01579  |t 0 
952 f f |p ric  |a Texas A&M University  |b Rellis Campus  |c Joint Library Facility  |d Remote Storage  |t 0  |e RC451.4.W6 T73 1988  |h Library of Congress classification  |i unmediated -- volume  |m A14812509148 
998 f f |a RC451.4.W6 T73 1988  |t 0  |l Remote Storage